000 00757nam a2200265 i 4500
001 C2-0055616
003 PPAK
005 20190630222103.0
008 970227s1979 my a|||| ||||| | may d
040 _aPPAK
_beng
_cPPAK
_erda
082 0 4 _a910.133
_223
090 0 0 _a910.133
_bGOH
_dKIH
090 0 0 _a910.133
_bGOH
_dKSI
100 1 _aGoh, Cheng Leong,
_eauthor
245 1 0 _aGeografi manusia dan ekonomi
264 1 _aKuala Lumpur :
_bDewan Bahasa dan Pustaka ,
_c1979 ; 1982
300 _axxvi, 587 pages ; xxvi, 86 pages :
_billustrations ;
_c22 cm
336 _2rdacontent
_atext
337 _2rdamedia
_aunmediated
338 _2rdacarrier
_avolume
500 _aJil. 2
650 1 0 _aAnthropo - Geography
700 _eauthor
942 _ddc
_cB
999 _c6909
_d6909